Chansons les plus streamées : Bigflo & Oli - Statistiques

Statistiques générales
  • Ce quiz a été pris 298 fois
    29 depuis la dernière actualisation
  • Le résultat moyen est 5 sur 10
Statistiques - réponses
Nb de streams Chanson % Correct
98 000 000 Dommage
96%
55 000 000 Sur la lune
69%
61 000 000 Coup de vieux (avec Julien Doré)
54%
40 500 000 Plus tard
46%
56 500 000 Demain (avec Petit Biscuit)
42%
25 500 000 Pour un pote (avec Jean Dujardin)
42%
26 000 000 Alors alors
38%
23 000 000 Je suis
35%
26 000 000 Dernière
31%
21 000 000 J'étais pas là
27%
Aucun quiz correspondant
Distribution des résultats
% des personnes avec chaque résultat
Percentile par nombre de réponses
Votre historique - résultats
Vous n’avez pas pris ce quiz depuis la dernière actualisation